[Event "Portugal Open Semirrapidas"]
[Site "Lisboa POR"]
[Date "2020.02.02"]
[Round "4.26"]
[White "FERREIRA, Luis Pedro"]
[Black "ANTONIO, Luis"]
[Result "1-0"]
[BlackElo "1826"]
[WhiteElo "2170"]
[LiveChessVersion "1.4.8"]

1. e4 {[%clk 0:15:08]} c5 {[%clk 0:15:09]} 2. Nc3 {[%clk 0:15:11]} Nc6
{[%clk 0:15:13]} 3. d3 {[%clk 0:15:14]} g6 {[%clk 0:15:16]} 4. h4
{[%clk 0:15:17]} h5 {[%clk 0:15:14]} 5. Be3 {[%clk 0:15:20]} Nd4 {[%clk 0:15:10]}
6. Qd2 {[%clk 0:15:23]} Bh6 {[%clk 0:15:08]} 7. Nd1 {[%clk 0:15:21]} Qb6
{[%clk 0:14:55]} 8. c3 {[%clk 0:15:22]} Ne6 {[%clk 0:14:34]} 9. Nf3
{[%clk 0:15:09]} d6 {[%clk 0:14:22]} 10. Be2 {[%clk 0:14:21]} Bd7
{[%clk 0:14:25]} 11. d4 {[%clk 0:14:08]} Bxe3 {[%clk 0:13:41]} 12. Nxe3
{[%clk 0:14:10]} Nf6 {[%clk 0:13:45]} 13. e5 {[%clk 0:12:16]} cxd4
{[%clk 0:13:03]} 14. exf6 {[%clk 0:10:24]} dxe3 {[%clk 0:13:05]} 15. fxe3
{[%clk 0:10:26]} exf6 {[%clk 0:13:01]} 16. O-O-O {[%clk 0:10:29]} Ke7
{[%clk 0:12:48]} 17. Rhf1 {[%clk 0:09:54]} Rhd8 {[%clk 0:12:48]} 18. Nd4
{[%clk 0:09:54]} Rac8 {[%clk 0:12:29]} 19. Kb1 {[%clk 0:09:46]} Nxd4
{[%clk 0:12:24]} 20. exd4 {[%clk 0:09:50]} d5 {[%clk 0:12:01]} 21. Qh6
{[%clk 0:09:40]} Rh8 {[%clk 0:11:57]} 22. Qf4 {[%clk 0:09:44]} Bf5+
{[%clk 0:11:49]} 23. Bd3 {[%clk 0:09:35]} Bxd3+ {[%clk 0:11:48]} 24. Rxd3
{[%clk 0:09:38]} Rc6 {[%clk 0:11:14]} 25. Re3+ {[%clk 0:09:41]} Kf8
{[%clk 0:11:18]} 26. Rfe1 {[%clk 0:09:16]} Kg7 {[%clk 0:11:21]} 27. Re7
{[%clk 0:09:02]} Rhc8 {[%clk 0:09:57]} 28. Qf3 {[%clk 0:07:05]} Rd6
{[%clk 0:08:34]} 29. g4 {[%clk 0:06:48]} hxg4 {[%clk 0:08:17]} 30. Qxg4
{[%clk 0:06:51]} Rc7 {[%clk 0:07:43]} 31. Re8 {[%clk 0:05:50]} Qb5
{[%clk 0:06:59]} 32. Qg3 {[%clk 0:05:25]} Rb6 {[%clk 0:06:39]} 33. R1e2
{[%clk 0:05:09]} Qd7 {[%clk 0:06:08]} 34. Ka1 {[%clk 0:04:06]} Qd6
{[%clk 0:05:48]} 35. Qf3 {[%clk 0:03:33]} a5 {[%clk 0:04:33]} 36. h5
{[%clk 0:03:18]} a4 {[%clk 0:04:37]} 37. hxg6 {[%clk 0:02:22]} a3
{[%clk 0:04:40]} 38. Qh3 {[%clk 0:02:14]} axb2+ {[%clk 0:04:35]} 39. Kb1
{[%clk 0:02:15]} f5 {[%clk 0:04:27]} 40. Qh8+ {[%clk 0:02:04]} 1-0

[Event "Portugal Open Semirrapidas"]
[Site "Lisboa POR"]
[Date "2020.02.02"]
[Round "4.27"]
[White "GUIA, Artur"]
[Black "GUERRA, Vitor"]
[Result "0-1"]
[BlackElo "2164"]
[WhiteElo "1861"]
[LiveChessVersion "1.4.8"]

1. d4 d5 {[%clk 0:15:06]} 2. Bf4 {[%clk 0:12:24]} e6 {[%clk 0:14:56]} 3. e3
{[%clk 0:12:27]} Nf6 {[%clk 0:14:54]} 4. Nf3 {[%clk 0:12:30]} Be7
{[%clk 0:14:54]} 5. Bd3 {[%clk 0:12:30]} O-O {[%clk 0:14:50]} 6. Nbd2
{[%clk 0:12:32]} Nbd7 {[%clk 0:13:58]} 7. c3 {[%clk 0:12:25]} c5 {[%clk 0:13:44]}
8. Ne5 {[%clk 0:12:17]} Nxe5 {[%clk 0:13:24]} 9. dxe5 {[%clk 0:12:20]} Nd7
{[%clk 0:13:26]} 10. Qh5 {[%clk 0:12:00]} g6 {[%clk 0:12:48]} 11. Qf3
{[%clk 0:11:17]} f6 {[%clk 0:12:29]} 12. Qh3 {[%clk 0:09:43]} Nxe5
{[%clk 0:12:13]} 13. Bxe5 {[%clk 0:09:29]} fxe5 {[%clk 0:12:16]} 14. O-O
{[%clk 0:09:02]} Bd7 {[%clk 0:11:40]} 15. Qg3 {[%clk 0:09:00]} Bf6
{[%clk 0:11:32]} 16. f4 {[%clk 0:08:30]} exf4 {[%clk 0:11:11]} 17. exf4
{[%clk 0:08:34]} c4 {[%clk 0:10:46]} 18. Be2 {[%clk 0:06:52]} Qb6+
{[%clk 0:10:48]} 19. Kh1 {[%clk 0:05:16]} Qxb2 {[%clk 0:10:45]} 20. Rad1
{[%clk 0:05:04]} Qxc3 {[%clk 0:10:37]} 21. Qg4 {[%clk 0:05:03]} Bg7
{[%clk 0:09:58]} 22. Rf3 {[%clk 0:05:04]} Qf6 {[%clk 0:09:58]} 23. Nf1
{[%clk 0:04:20]} b5 {[%clk 0:09:25]} 24. Ne3 {[%clk 0:04:18]} Bc6
{[%clk 0:09:02]} 25. Rh3 {[%clk 0:03:19]} Rad8 {[%clk 0:08:25]} 26. Nc2
{[%clk 0:03:02]} Qf5 {[%clk 0:06:09]} 27. Qxf5 {[%clk 0:02:53]} Rxf5
{[%clk 0:05:52]} 28. Bg4 {[%clk 0:02:44]} Rxf4 {[%clk 0:05:31]} 29. Bxe6+
{[%clk 0:02:48]} Kh8 {[%clk 0:05:26]} 30. g3 {[%clk 0:02:29]} d4+
{[%clk 0:04:49]} 31. Kg1 {[%clk 0:02:34]} Rf6 {[%clk 0:03:57]} 32. Rxd4
{[%clk 0:02:08]} Rdf8 {[%clk 0:03:53]} 33. Ne3 {[%clk 0:01:35]} Rf1+
{[%clk 0:03:41]} 0-1

[Event "Portugal Open Semirrapidas"]
[Site "Lisboa POR"]
[Date "2020.02.02"]
[Round "4.28"]
[White "CORDEIRO, Joao"]
[Black "GARCIA DORADO, Alberto"]
[Result "1/2-1/2"]
[BlackElo "2150"]
[WhiteElo "1833"]
[LiveChessVersion "1.4.8"]

1. e4 {[%clk 0:15:06]} g6 {[%clk 0:14:58]} 2. d4 {[%clk 0:15:09]} Bg7
{[%clk 0:15:02]} 3. Be3 {[%clk 0:15:09]} d6 {[%clk 0:15:04]} 4. Nc3
{[%clk 0:15:12]} a6 {[%clk 0:15:06]} 5. Qd2 {[%clk 0:15:12]} Nd7 {[%clk 0:15:07]}
6. f3 {[%clk 0:15:15]} b5 {[%clk 0:15:09]} 7. h4 {[%clk 0:15:18]} h6
{[%clk 0:15:12]} 8. g4 {[%clk 0:15:10]} Bb7 {[%clk 0:15:09]} 9. O-O-O
{[%clk 0:15:09]} c5 {[%clk 0:15:10]} 10. dxc5 {[%clk 0:14:32]} dxc5
{[%clk 0:15:00]} 11. Kb1 {[%clk 0:14:18]} Ngf6 {[%clk 0:14:55]} 12. Bg2
{[%clk 0:13:56]} Qc7 {[%clk 0:14:20]} 13. g5 {[%clk 0:13:42]} hxg5
{[%clk 0:14:23]} 14. hxg5 {[%clk 0:13:43]} Rxh1 {[%clk 0:14:23]} 15. Bxh1
{[%clk 0:13:47]} Nh5 {[%clk 0:14:26]} 16. Nd5 {[%clk 0:13:03]} Qe5
{[%clk 0:13:56]} 17. c3 {[%clk 0:12:29]} Bxd5 {[%clk 0:14:00]} 18. Qxd5
{[%clk 0:12:09]} Qxd5 {[%clk 0:14:03]} 19. Rxd5 {[%clk 0:11:53]} Rc8
{[%clk 0:14:07]} 20. Bg2 {[%clk 0:11:29]} Be5 {[%clk 0:14:02]} 21. Ne2
{[%clk 0:11:10]} e6 {[%clk 0:14:06]} 22. Rd1 {[%clk 0:10:52]} Ke7
{[%clk 0:13:47]} 23. f4 {[%clk 0:10:46]} Bb8 {[%clk 0:13:49]} 24. Bf3
{[%clk 0:10:38]} Ng7 {[%clk 0:13:48]} 25. Rh1 {[%clk 0:10:25]} Ne8
{[%clk 0:13:52]} 26. e5 {[%clk 0:10:08]} Nc7 {[%clk 0:13:49]} 27. Bb7
{[%clk 0:09:51]} Rd8 {[%clk 0:13:49]} 28. Rd1 {[%clk 0:09:44]} Ba7
{[%clk 0:13:53]} 29. Bc6 {[%clk 0:09:04]} Nb8 {[%clk 0:13:53]} 30. Rxd8
{[%clk 0:09:06]} Kxd8 {[%clk 0:13:57]} 31. Bg2 {[%clk 0:08:51]} Nd5
{[%clk 0:14:01]} 32. Bf2 {[%clk 0:08:15]} Nc6 {[%clk 0:13:58]} 33. Kc1
{[%clk 0:08:06]} Kc7 {[%clk 0:13:56]} 34. Kd2 {[%clk 0:07:55]} Bb6
{[%clk 0:13:56]} 35. Be3 {[%clk 0:06:05]} Na5 {[%clk 0:13:32]} 36. b3
{[%clk 0:05:52]} Nc6 {[%clk 0:13:33]} 37. Bh1 {[%clk 0:05:14]} Nxe3
{[%clk 0:11:53]} 38. Kxe3 {[%clk 0:05:17]} c4+ {[%clk 0:11:57]} 39. Kd2
{[%clk 0:05:08]} cxb3 {[%clk 0:12:01]} 40. axb3 {[%clk 0:05:10]} a5
{[%clk 0:12:05]} 41. Kc2 {[%clk 0:04:53]} Bc5 {[%clk 0:12:08]} 42. Nc1
{[%clk 0:04:19]} a4 {[%clk 0:11:51]} 43. Nd3 {[%clk 0:04:08]} Be3
{[%clk 0:11:52]} 44. bxa4 {[%clk 0:03:53]} bxa4 {[%clk 0:11:56]} 45. Kb2
{[%clk 0:03:41]} Bd2 {[%clk 0:11:48]} 46. Kc2 {[%clk 0:02:16]} Be3
{[%clk 0:11:48]} 47. Kb2 {[%clk 0:02:20]} Na5 {[%clk 0:11:38]} 48. Ka3
{[%clk 0:02:21]} Bd2 {[%clk 0:11:40]} 49. Kxa4 {[%clk 0:02:20]} Bxc3
{[%clk 0:11:42]} 50. Kb5 {[%clk 0:02:22]} Bd2 {[%clk 0:11:37]} 51. Bg2
{[%clk 0:02:07]} Nb3 {[%clk 0:11:37]} 52. Kc4 {[%clk 0:02:09]} Na5+
{[%clk 0:11:36]} 53. Kd4 {[%clk 0:01:44]} Kb6 {[%clk 0:11:31]} 54. Ke4
{[%clk 0:01:43]} Nc4 {[%clk 0:11:27]} 55. Bf3 {[%clk 0:01:36]} Ne3
{[%clk 0:11:11]} 56. Be2 {[%clk 0:01:27]} Nf5 {[%clk 0:11:13]} 57. Bg4
{[%clk 0:01:22]} Ne7 {[%clk 0:11:12]} 58. Bd1 {[%clk 0:01:23]} Kc7
{[%clk 0:10:59]} 59. Ba4 {[%clk 0:01:23]} Kd8 {[%clk 0:11:03]} 60. Bb3
{[%clk 0:01:24]} Nc6 {[%clk 0:11:05]} 61. Bd1 {[%clk 0:01:21]} Ke7
{[%clk 0:11:07]} 62. Bb3 {[%clk 0:01:20]} Kf8 {[%clk 0:11:11]} 63. Bd1
{[%clk 0:01:22]} Ke7 {[%clk 0:11:01]} 64. Bc2 {[%clk 0:01:24]} Nd8
{[%clk 0:11:02]} 65. Ba4 {[%clk 0:01:27]} Nb7 {[%clk 0:11:01]} 66. Bc6
{[%clk 0:01:27]} Na5 {[%clk 0:11:04]} 67. Bb5 {[%clk 0:01:29]} Nb3
{[%clk 0:11:08]} 68. Bc4 {[%clk 0:01:29]} Na5 {[%clk 0:11:09]} 69. Bb5
{[%clk 0:01:33]} Kd8 {[%clk 0:11:11]} 70. Ba4 {[%clk 0:01:32]} Nc4
{[%clk 0:11:11]} 71. Bb5 {[%clk 0:01:32]} Nb6 {[%clk 0:11:15]} 72. Bc6
{[%clk 0:01:30]} Nc4 {[%clk 0:10:38]} 73. Bb5 {[%clk 0:01:28]} Ne3
{[%clk 0:10:41]} 74. Ba4 {[%clk 0:01:21]} Nf5 {[%clk 0:10:40]} 75. Bd1
{[%clk 0:01:16]} Kc7 {[%clk 0:10:42]} 76. Ba4 {[%clk 0:01:18]} Kd8
{[%clk 0:10:46]} 77. Bd1 {[%clk 0:01:22]} Bc3 {[%clk 0:10:50]} 78. Ba4
{[%clk 0:01:20]} Ng3+ {[%clk 0:10:53]} 79. Kf3 {[%clk 0:01:21]} Nf1
{[%clk 0:10:40]} 80. Ke2 {[%clk 0:01:16]} Nd2 {[%clk 0:10:41]} 81. Bc6
{[%clk 0:01:04]} Nc4 {[%clk 0:10:33]} 82. Bb5 {[%clk 0:00:58]} Nb6
{[%clk 0:10:36]} 83. Kf3 {[%clk 0:00:57]} Nd5 {[%clk 0:09:40]} 84. Bc4
{[%clk 0:00:57]} Nc7 {[%clk 0:09:44]} 85. Bb3 {[%clk 0:00:58]} Ba5
{[%clk 0:09:41]} 86. Ba4 {[%clk 0:01:01]} Bb6 {[%clk 0:09:45]} 87. Bc6
{[%clk 0:00:58]} Ba5 {[%clk 0:09:43]} 88. Ba4 {[%clk 0:01:01]} Bc3
{[%clk 0:09:46]} 89. Bc6 {[%clk 0:01:00]} Kc8 {[%clk 0:09:43]} 90. Ba4
{[%clk 0:00:59]} Kb7 {[%clk 0:09:38]} 91. Bd7 {[%clk 0:00:53]} Kb6
{[%clk 0:09:42]} 92. Ba4 {[%clk 0:00:57]} Ka5 {[%clk 0:09:36]} 93. Bd7
{[%clk 0:00:58]} Kb6 {[%clk 0:09:32]} 94. Ba4 {[%clk 0:01:00]} Nb5
{[%clk 0:09:35]} 95. Bxb5 {[%clk 0:00:59]} Kxb5 {[%clk 0:09:38]} 96. Nf2
{[%clk 0:01:03]} Kc6 {[%clk 0:09:36]} 97. Ne4 {[%clk 0:01:06]} Bb4
{[%clk 0:09:37]} 98. Nf6 {[%clk 0:01:04]} Be7 {[%clk 0:09:13]} 99. Ng4
{[%clk 0:01:07]} Kd7 {[%clk 0:09:16]} 100. Nh6 {[%clk 0:01:10]} Ke8
{[%clk 0:09:17]} 101. Ng4 {[%clk 0:01:13]} Bf8 {[%clk 0:09:18]} 102. Nf6+
{[%clk 0:01:17]} Ke7 {[%clk 0:09:22]} 103. Ng4 {[%clk 0:01:21]} Bg7
{[%clk 0:09:26]} 104. Nf2 {[%clk 0:01:23]} Kd7 {[%clk 0:09:28]} 105. Ng4
{[%clk 0:01:26]} Ke8 {[%clk 0:09:28]} 106. Nf2 {[%clk 0:01:29]} Bf8
{[%clk 0:09:26]} 107. Ng4 {[%clk 0:01:33]} Bc5 {[%clk 0:09:29]} 108. Nf6+
{[%clk 0:01:36]} Ke7 {[%clk 0:09:33]} 109. Ng4 {[%clk 0:01:40]} Kd8
{[%clk 0:09:31]} 110. Nh6 {[%clk 0:01:44]} Ke8 {[%clk 0:09:28]} 111. Ng4
{[%clk 0:01:47]} Be7 {[%clk 0:09:16]} 112. Nf2 {[%clk 0:01:50]} Bf8
{[%clk 0:07:43]} 113. Ng4 {[%clk 0:01:53]} Be7 {[%clk 0:07:47]} 114. Nf2
{[%clk 0:01:57]} Bf8 {[%clk 0:07:51]} 115. Ng4 {[%clk 0:01:40]} 1/2-1/2

[Event "Portugal Open Semirrapidas"]
[Site "Lisboa POR"]
[Date "2020.02.02"]
[Round "4.29"]
[White "COSTA, Hugo"]
[Black "BAYRAMOV, Zaur"]
[Result "0-1"]
[BlackElo "2146"]
[WhiteElo "1826"]
[LiveChessVersion "1.4.8"]

1. d4 {[%clk 0:11:55]} g6 {[%clk 0:15:08]} 2. c4 {[%clk 0:11:58]} Bg7
{[%clk 0:15:11]} 3. Nf3 {[%clk 0:11:56]} d6 {[%clk 0:15:15]} 4. g3
{[%clk 0:11:58]} c5 {[%clk 0:15:16]} 5. Bg2 {[%clk 0:11:31]} Nc6 {[%clk 0:15:18]}
6. e3 {[%clk 0:11:18]} Bg4 {[%clk 0:14:48]} 7. d5 {[%clk 0:10:40]} Ne5
{[%clk 0:14:44]} 8. Qa4+ {[%clk 0:10:28]} Bd7 {[%clk 0:14:41]} 9. Qb3
{[%clk 0:10:26]} Rb8 {[%clk 0:14:23]} 10. Nxe5 {[%clk 0:08:39]} Bxe5
{[%clk 0:14:26]} 11. a4 {[%clk 0:07:57]} a6 {[%clk 0:14:27]} 12. a5
{[%clk 0:06:40]} b5 {[%clk 0:14:26]} 13. axb6 {[%clk 0:06:43]} Rxb6
{[%clk 0:14:28]} 14. Qc2 {[%clk 0:06:40]} h5 {[%clk 0:14:18]} 15. Nc3
{[%clk 0:06:43]} h4 {[%clk 0:14:14]} 16. Bd2 {[%clk 0:05:54]} Bg7
{[%clk 0:14:06]} 17. Na4 {[%clk 0:05:55]} Rb8 {[%clk 0:14:06]} 18. Bc3
{[%clk 0:05:59]} Nf6 {[%clk 0:14:02]} 19. O-O {[%clk 0:04:46]} Qc8
{[%clk 0:13:57]} 20. Rfb1 {[%clk 0:04:24]} Bh3 {[%clk 0:13:41]} 21. Bf3
{[%clk 0:04:02]} Bg4 {[%clk 0:12:34]} 22. Qe2 {[%clk 0:03:56]} Bxf3
{[%clk 0:12:30]} 23. Qxf3 {[%clk 0:04:00]} Qh3 {[%clk 0:12:03]} 24. Qg2
{[%clk 0:03:38]} Qg4 {[%clk 0:12:04]} 25. Rc1 {[%clk 0:00:18]} hxg3
{[%clk 0:11:51]} 26. hxg3 {[%clk 0:00:19]} Rh3 {[%clk 0:11:52]} 27. Nxc5
{[%clk 0:00:14]} dxc5 {[%clk 0:11:48]} 28. d6 {[%clk 0:00:18]} exd6
{[%clk 0:11:31]} 29. Qc6+ {[%clk 0:00:09]} Qd7 {[%clk 0:11:30]} 30. Qxa6
{[%clk 0:00:08]} Qb7 {[%clk 0:11:15]} 0-1

[Event "Portugal Open Semirrapidas"]
[Site "Lisboa POR"]
[Date "2020.02.02"]
[Round "4.30"]
[White "FERREIRA, Hugo"]
[Black "NASCIMENTO, Carlos"]
[Result "1-0"]
[BlackElo "1823"]
[WhiteElo "2126"]
[LiveChessVersion "1.4.8"]

1. d4 {[%clk 0:09:14]} d6 {[%clk 0:15:04]} 2. Nf3 {[%clk 0:09:18]} c6
{[%clk 0:15:05]} 3. Bg5 {[%clk 0:09:16]} Nd7 {[%clk 0:15:07]} 4. c3
{[%clk 0:09:19]} Ngf6 {[%clk 0:15:08]} 5. e4 {[%clk 0:09:23]} e5 {[%clk 0:15:09]}
6. dxe5 {[%clk 0:09:20]} dxe5 {[%clk 0:15:12]} 7. Qc2 {[%clk 0:09:20]} Qc7
{[%clk 0:15:05]} 8. Bc4 {[%clk 0:09:20]} Be7 {[%clk 0:14:59]} 9. Nbd2
{[%clk 0:09:22]} a5 {[%clk 0:14:51]} 10. a4 {[%clk 0:09:26]} O-O {[%clk 0:14:37]}
11. Nf1 {[%clk 0:09:26]} Nc5 {[%clk 0:14:19]} 12. Bxf6 {[%clk 0:09:27]} Bxf6
{[%clk 0:14:21]} 13. Ne3 {[%clk 0:09:31]} Be6 {[%clk 0:13:51]} 14. Bxe6
{[%clk 0:09:14]} Nxe6 {[%clk 0:13:54]} 15. O-O {[%clk 0:09:17]} Rfd8
{[%clk 0:13:33]} 16. Rfd1 {[%clk 0:09:20]} g6 {[%clk 0:13:29]} 17. Qb3
{[%clk 0:08:22]} Bg7 {[%clk 0:12:54]} 18. g3 {[%clk 0:07:53]} Nc5
{[%clk 0:12:03]} 19. Qc4 {[%clk 0:07:57]} Qe7 {[%clk 0:12:05]} 20. b4
{[%clk 0:07:28]} axb4 {[%clk 0:11:28]} 21. Rxd8+ {[%clk 0:07:02]} Rxd8
{[%clk 0:11:31]} 22. cxb4 {[%clk 0:07:06]} Na6 {[%clk 0:10:37]} 23. b5
{[%clk 0:06:55]} cxb5 {[%clk 0:10:16]} 24. axb5 {[%clk 0:06:55]} Nc5
{[%clk 0:09:57]} 25. Nd5 {[%clk 0:06:54]} Qd6 {[%clk 0:09:48]} 26. Rd1
{[%clk 0:06:35]} h6 {[%clk 0:09:07]} 27. Nh4 {[%clk 0:05:07]} Rc8
{[%clk 0:07:26]} 28. Nxg6 {[%clk 0:04:56]} Kh7 {[%clk 0:06:26]} 29. Nge7
{[%clk 0:04:58]} Ra8 {[%clk 0:06:25]} 30. Nf5 {[%clk 0:05:01]} Qf8
{[%clk 0:06:22]} 31. Nb6 {[%clk 0:04:03]} Ra3 {[%clk 0:04:12]} 32. Nd7
{[%clk 0:04:03]} Ra8 {[%clk 0:02:13]} 1-0

[Event "Portugal Open Semirrapidas"]
[Site "Lisboa POR"]
[Date "2020.02.02"]
[Round "4.31"]
[White "CAMBANDO, Jose"]
[Black "BABO, Miguel"]
[Result "1-0"]
[BlackElo "1804"]
[WhiteElo "2110"]
[LiveChessVersion "1.4.8"]

1. e4 {[%clk 0:14:18]} Nc6 {[%clk 0:15:09]} 2. c4 {[%clk 0:14:12]} e5
{[%clk 0:15:02]} 3. Nf3 {[%clk 0:14:12]} Nf6 {[%clk 0:15:02]} 4. Nc3
{[%clk 0:14:13]} Bc5 {[%clk 0:14:58]} 5. Be2 {[%clk 0:14:14]} d6 {[%clk 0:14:53]}
6. O-O {[%clk 0:14:16]} O-O {[%clk 0:14:52]} 7. d3 {[%clk 0:14:20]} Be6
{[%clk 0:14:32]} 8. Bg5 {[%clk 0:14:21]} h6 {[%clk 0:14:29]} 9. Bh4
{[%clk 0:14:24]} a6 {[%clk 0:14:19]} 10. Nd5 {[%clk 0:14:04]} Bxd5
{[%clk 0:14:05]} 11. cxd5 {[%clk 0:14:04]} Nd4 {[%clk 0:14:05]} 12. Nxd4
{[%clk 0:13:51]} Bxd4 {[%clk 0:14:08]} 13. Kh1 {[%clk 0:12:49]} Rb8
{[%clk 0:13:35]} 14. Qc2 {[%clk 0:12:40]} g5 {[%clk 0:13:29]} 15. Bg3
{[%clk 0:12:40]} Nd7 {[%clk 0:13:22]} 16. Rac1 {[%clk 0:12:36]} Bb6
{[%clk 0:12:00]} 17. Bg4 {[%clk 0:12:37]} Nf6 {[%clk 0:11:59]} 18. Bf5
{[%clk 0:12:36]} Nh5 {[%clk 0:11:42]} 19. Qe2 {[%clk 0:12:36]} Ng7
{[%clk 0:11:36]} 20. Bg4 {[%clk 0:12:12]} Qf6 {[%clk 0:11:13]} 21. h3
{[%clk 0:11:45]} Qg6 {[%clk 0:11:12]} 22. Rc2 {[%clk 0:10:31]} h5
{[%clk 0:10:23]} 23. Bf3 {[%clk 0:10:34]} f5 {[%clk 0:09:21]} 24. exf5
{[%clk 0:10:36]} Qh7 {[%clk 0:07:07]} 25. Be4 {[%clk 0:09:09]} Rf6
{[%clk 0:06:57]} 26. Bh2 {[%clk 0:08:56]} Rbf8 {[%clk 0:06:28]} 27. g4
{[%clk 0:08:47]} hxg4 {[%clk 0:06:06]} 28. hxg4 {[%clk 0:08:51]} Rh6
{[%clk 0:05:07]} 29. f4 {[%clk 0:08:52]} exf4 {[%clk 0:02:46]} 30. f6
{[%clk 0:08:54]} Rxh2+ {[%clk 0:02:43]} 31. Qxh2 {[%clk 0:08:58]} Qxh2+
{[%clk 0:02:45]} 32. Rxh2 {[%clk 0:09:02]} Rxf6 {[%clk 0:02:44]} 33. Kg2
{[%clk 0:09:01]} Bd4 {[%clk 0:01:57]} 34. Kf3 {[%clk 0:09:04]} c6
{[%clk 0:00:48]} 35. dxc6 {[%clk 0:08:55]} bxc6 {[%clk 0:00:52]} 36. Bxc6
{[%clk 0:08:58]} Kf7 37. Rh7 {[%clk 0:08:56]} Rg6 {[%clk 0:00:13]} 38. Bd5+
{[%clk 0:08:35]} Ke7 {[%clk 0:00:12]} 39. Re1+ {[%clk 0:08:33]} Kd7
{[%clk 0:00:17]} 40. Re4 {[%clk 0:08:31]} Bxb2 {[%clk 0:00:20]} 41. Rb4
{[%clk 0:08:34]} Ke7 {[%clk 0:00:20]} 42. Rxb2 {[%clk 0:08:35]} 1-0

[Event "Portugal Open Semirrapidas"]
[Site "Lisboa POR"]
[Date "2020.02.02"]
[Round "4.32"]
[White "SANTOS, Pedro Rosa"]
[Black "FIDALGO, Daniel Neves"]
[Result "0-1"]
[BlackElo "2109"]
[WhiteElo "1817"]
[LiveChessVersion "1.4.8"]

1. c4 {[%clk 0:15:08]} c5 {[%clk 0:15:08]} 2. Nc3 {[%clk 0:15:11]} g6
{[%clk 0:15:10]} 3. g3 {[%clk 0:15:15]} Bg7 {[%clk 0:15:13]} 4. Bg2
{[%clk 0:15:19]} Nc6 {[%clk 0:15:16]} 5. d3 {[%clk 0:15:22]} e5 {[%clk 0:15:19]}
6. e4 {[%clk 0:15:25]} Nge7 {[%clk 0:15:22]} 7. Nge2 {[%clk 0:15:28]} O-O
{[%clk 0:15:24]} 8. O-O {[%clk 0:15:30]} d6 {[%clk 0:15:27]} 9. h3
{[%clk 0:15:33]} f5 {[%clk 0:15:23]} 10. f4 {[%clk 0:15:36]} Rb8 {[%clk 0:15:16]}
11. Be3 {[%clk 0:15:26]} Nd4 {[%clk 0:15:13]} 12. Kh2 {[%clk 0:15:17]} a6
{[%clk 0:15:10]} 13. a4 {[%clk 0:13:32]} b6 {[%clk 0:14:55]} 14. Nd5
{[%clk 0:13:21]} Nxd5 {[%clk 0:14:18]} 15. cxd5 {[%clk 0:13:23]} Bd7
{[%clk 0:13:53]} 16. fxe5 {[%clk 0:11:36]} dxe5 {[%clk 0:13:50]} 17. Nxd4
{[%clk 0:11:15]} cxd4 {[%clk 0:13:46]} 18. Bd2 {[%clk 0:11:00]} b5
{[%clk 0:13:39]} 19. Bb4 {[%clk 0:10:48]} Rf7 {[%clk 0:13:31]} 20. a5
{[%clk 0:10:39]} Bf8 {[%clk 0:13:27]} 21. d6 {[%clk 0:09:09]} Be6
{[%clk 0:12:41]} 22. exf5 {[%clk 0:09:08]} gxf5 {[%clk 0:12:44]} 23. Qh5
{[%clk 0:06:32]} Bxd6 {[%clk 0:12:42]} 24. Bd2 {[%clk 0:05:43]} Rg7
{[%clk 0:12:27]} 25. Rxf5 {[%clk 0:03:57]} Bxf5 {[%clk 0:12:26]} 26. Qxf5
{[%clk 0:04:00]} Qe7 {[%clk 0:12:09]} 27. Bd5+ {[%clk 0:02:41]} Kh8
{[%clk 0:12:12]} 28. Bh6 {[%clk 0:02:40]} Rg6 {[%clk 0:11:58]} 29. Qh5
{[%clk 0:02:09]} Qf6 {[%clk 0:11:33]} 0-1